| 000 | 00388 a2200145 4500 | ||
|---|---|---|---|
| 999 |
_c1282 _d1282 |
||
| 020 | _a9781846681660 | ||
| 050 | _aHB 62 BIS 2009 | ||
| 100 |
_aBishop, Mathew _eauthor |
||
| 245 |
_aEconomics: _bAn A-Z Guide/ _cMathew Bishop |
||
| 264 |
_aLondon : _bViva Books Private Limited, _c2010 |
||
| 300 | _a339p. : | ||
| 500 | _aIncludes index | ||
| 650 | _aEconomics | ||
| 942 |
_2lcc _cBK _h62 _iBIS _kHB |
||